=LDR 00000nam 2200000 4500 =001 INLIS000000000029589 =005 20130612131818 =008 ***********************************Ind** =035 ##$$0010-061300000029589 =041 ##$$a Ind =082 ##$$a 372.6 =090 ##$$a 372.6, Nur i =100 ##$$a Nurachmat, Memet =245 ##$$a Ilmu Pengetahuan Sosial lingkungan sosial dan ilmu bumi, untuk siswa dan buru sekolah dasar, Memet Nurachmat =260 ##$$a 1997 $b Jakarta =300 ##$$a x, 186 hlm, ilus, 24 cm =650 ##$$a Ilmu-ilmu-studi dan pengajaran (dasar) =850 ##$$a NBPNMAT